| 000 | 00431nam a2200157Ia 4500 | ||
|---|---|---|---|
| 008 | 210716s2009 xx 000 0 und d | ||
| 020 | _a9780324548273 | ||
| 041 | _aeng | ||
| 082 | _a658.83 ZIKW | ||
| 100 | _aZikmund, William G;Babin, Barry J. | ||
| 245 | _aEssentials of marketing research. | ||
| 250 | _a3 | ||
| 260 |
_aNew Delhi _bCengage Learning India Pvt Ltd _c2009 |
||
| 300 | _axvii,414 | ||
| 650 | _aMarketing Research | ||
| 999 |
_c205885 _d205885 |
||